La letra
Gorde:
| Egile nagusia: | |
|---|---|
| Formatua: | Liburua |
| Hizkuntza: | gaztelania |
| Argitaratua: |
Barcelona
CEAC
1988
|
| Saila: | Enciclopedia del Diseño
|
| Gaiak: | |
| Etiketak: |
Etiketa erantsi
Etiketarik gabe, Izan zaitez lehena erregistro honi etiketa jartzen!
|
MARC
| LEADER | 00000nam a2200000 a 4500 | ||
|---|---|---|---|
| 001 | UCV7812 | ||
| 003 | CL-VaPUC | ||
| 008 | 891016e19880000SP |||||||||||||||||spa|d | ||
| 082 | 0 | 4 | |a 686.22 |b BLA |2 21 |
| 100 | 0 | |a Blanchard, Gérard |e author |9 301930 | |
| 245 | 1 | 3 | |a La letra |
| 300 | |a 295 p | ||
| 942 | |c BK | ||
| 945 | |d 19891016 00:00:00 | ||
| 260 | |a Barcelona |b CEAC |c 1988 | ||
| 650 | 0 | |a Alfabetos |9 265604 | |
| 650 | 0 | |a Escritura |9 264941 | |
| 650 | 0 | |a Paleografía |9 264942 | |
| 583 | |a last modification |c 19891016 00:00:00 |k Rodrigo Vera | ||
| 490 | 0 | |a Enciclopedia del Diseño | |
| 999 | |c 213432 |d 213430 | ||
| 952 | |0 0 |1 0 |4 0 |6 686_220000000000000_BLA_1988 |7 0 |8 A |9 195796 |a BIBARQ |b BIBARQ |d 2019-11-14 |i 2637987 |l 3 |o 686.22 BLA 1988 |p 2637987 |r 2025-01-20 |s 2024-08-05 |w 2019-11-14 |y BK |k ARQ | ||